Techniki i triki negocjacyjne
Uložené v:
| Hlavný autor: | |
|---|---|
| Médium: | Kniha |
| Jazyk: | Polish |
| Vydavateľské údaje: |
Warszawa
EFEKT
1999
|
| Predmet: | |
| Tagy: |
Žiadne tagy, Buďte prvý, kto otaguje tento záznam!
|
MARC
| LEADER | 00000nam a2200000 4500 | ||
|---|---|---|---|
| 001 | c117018 | ||
| 005 | 20221221083738.2 | ||
| 020 | |a 83-87338-08-7 | ||
| 041 | 0 | |a pol | |
| 044 | |a PL | ||
| 245 | 1 | 0 | |a Techniki i triki negocjacyjne |c Grzegorz Mysliwiec |
| 264 | 1 | |a Warszawa |b EFEKT |c 1999 | |
| 300 | |a 136 s. | ||
| 610 | 2 | 0 | |a vyjednávanie |
| 610 | 2 | 0 | |a technika |
| 610 | 2 | 0 | |a technika obchodná |
| 610 | 2 | 0 | |a psychológia |
| 610 | 2 | 0 | |a partneri obchodní |
| 610 | 2 | 0 | |a taktika podniková |
| 610 | 2 | 0 | |a komunikácia |
| 610 | 2 | 0 | |a rokovania obchodné |
| 100 | 1 | |a Mysliwiec, Grzegorz | |